[Event "Heusenstamm Schloss op 1st"]
[Site "Heusenstamm"]
[Date "2014.11.21"]
[Round "3"]
[White "Deppe, Leo Max"]
[Black "Indorf, Noah David"]
[Result "1-0"]
[WhiteElo "1610"]
[BlackElo "977"]
[PlyCount "63"]
[EventDate "2014.11.20"]
[EventType "swiss"]
[EventRounds "7"]
[EventCountry "GER"]
[SourceTitle "CBM 163 Extra"]
[Source "ChessBase"]
[SourceDate "2014.12.23"]
[SourceVersion "1"]
[SourceVersionDate "2014.12.23"]
[SourceQuality "1"]

1. d4 d5 2. c4 dxc4 3. Nc3 Nc6 4. e3 Bf5 5. Bxc4 e5 6. d5 Nb4 7. e4 Bg6 8. a3 Na6 9. Bxa6 bxa6 10. Qa4+ Qd7 11. Qxa6 Bc5 12. Nf3 Qd6 13. Qxd6 cxd6 14. Nh4 Bh5 15. Nb5 Rc8 16. b4 Bxb4+ 17. axb4 Nf6 18. Nxd6+ Kd8 19. Nxc8 Kxc8 20. f3 Rd8 21. Rxa7 Kb8 22. Be3 Rd7 23. Rxd7 Nxd7 24. 0-0 h6 25. Nf5 f6 26. Nxg7 Bf7 27. b5 Bg8 28. Rc1 Bf7 29. b6 Nf8 30. Nf5 h5 31. Nd6 Bg6 32. Rc8# 1-0

[Event "Heusenstamm Schloss op 1st"]
[Site "Heusenstamm"]
[Date "2014.11.20"]
[Round "1"]
[White "Kolker, Vladislav"]
[Black "Indorf, Noah David"]
[Result "1-0"]
[WhiteElo "1982"]
[BlackElo "977"]
[PlyCount "45"]
[EventDate "2014.11.20"]
[EventType "swiss"]
[EventRounds "7"]
[EventCountry "GER"]
[SourceTitle "CBM 163 Extra"]
[Source "ChessBase"]
[SourceDate "2014.12.23"]
[SourceVersion "1"]
[SourceVersionDate "2014.12.23"]
[SourceQuality "1"]

1. e4 e5 2. f4 d5 3. exd5 Qxd5 4. Nc3 Qd6 5. fxe5 Qxe5+ 6. Be2 Bc5 7. Nf3 Qe6 8. d4 Bb4 9. 0-0 Nf6 10. Bb5+ c6 11. Re1 Ne4 12. Rxe4 Qxe4 13. Nxe4 cxb5 14. Qe2 0-0 15. Qxb5 Be7 16. Qh5 h6 17. Bxh6 g6 18. Qe5 f6 19. Qxe7 Rf7 20. Qe8+ Kh7 21. Qxf7+ Kxh6 22. Nxf6 Bf5 23. Qh7# 1-0